MARC

LEADER 00000nam a2200000Ia 4500
001 402
008 160829s1922 xx 000 0 cat d
710 2 |a Catalunya.  |b Mancomunitat  |9 53015 
710 1 |a Catalunya.  |b Departament d'Agricultura  |9 55594 
710 2 |a Escola Superior d'Agricultura de Barcelona  |9 70055 
952 |0 0  |1 0  |4 0  |6 C1448  |7 1  |9 44145  |a Arxiu  |b Arxiu  |d 2016-12-01  |l 0  |o C-1-448  |p 402  |r 2016-12-01 00:00:00  |w 2016-12-01  |y ARXIU 
999 |c 46725  |d 46725 
080 |a C-1-448 
100 |a Matons, August  |9 20130 
245 |a Fabricació d'olis / per August Matons 
260 |a Barcelona :  |b Escola Superior d'Agricultura,  |c 1922 
300 |a 110 p. :  |b  il. ;  |c 24 cm 
490 |a Textos d'ensenyament postal agrícola 
590 |a A la part superior de la portada: Mancomunitat de Catalunya. Departament d'Agricultura 
650 |a Olis i greixos comestibles  |9 26797 
901 |a Arxiu 
942 |n 1  |2 udc